000 00640nam a2200229Ia 4500
003 OSt
005 20220925231042.0
006 a|||||r|||| 00| 0
007 ta
008 220923b |||||||| |||| 00| 0 eng d
037 _cGeneral Book
040 _aRTL
_cRTL
_beng
041 _2eng
_aeng
082 _aX9.253.N93<N92r, N3/GD
110 _aJAIPRAKASH INDUSTRIES LTD
_9294826
245 0 _aAnnual report, 1992-93.
260 _aLucknow
_bJIL
_c1993
300 _a38p.
_ccm.
700 _aJAIPRAKASH INDUSTRIES LTD
_9294827
942 _hX9.253.N93<N92r, N3/GD
_cGB
_2CC
999 _c587157
_d587157